[Event "Druzynowe Mistrzostw Polski Juniorow - II Liga"]
[Site "Wroclaw"]
[Date "1899-12-30"]
[Round "10.35"]
[White "Gornisiewicz, Natalia"]
[Black "Pisarek, Elzbieta"]
[Result "0-1"]
[WhiteTitle "I++"]
[BlackTitle "I++"]
[WhiteElo "1425"]
[BlackElo "1804"]

1. Nf3 d6 2. c4 e5 3. d3 f5 4. Nc3 c6 5. g3 Nf6 6. Bg2 Be7 7. O-O O-O 8. Re1 Nh5
9. e4 f4 10. d4 fxg3 11. hxg3 Qc7 12. dxe5 dxe5 13. Bg5 Bg4 14. Bxe7 Qxe7 15.
Qd3 Na6 16. Qe3 Nb4 17. Rac1 Rad8 18. Red1 Rxd1+ 19. Rxd1 Qf6 20. a3 Nc2 21. Qd3
Nd4 22. Nxd4 Qxf2+ 23. Kh2 Bxd1 24. Ne6 Bf3 25. Qf1 Bxg2 26. Qxg2 Qxg2+ 27. Kxg2
Re8 28. Ng5 Nf6 29. Kf3 Rd8 30. Ke3 Ng4+ 31. Kf3 Nh2+ 32. Ke3 Nf1+ 33. Kf2 Nd2
34. c5 Nb3 35. Nf3 Nxc5 36. Nxe5 Nd3+ 37. Nxd3 Rxd3 38. e5 Rxc3 39. bxc3 Kf7 40.
Ke3 Ke6 41. Ke4 c5 42. a4 b6 43. c4 g5 0-1

[Event "Druzynowe Mistrzostw Polski Juniorow - II Liga"]
[Site "Wroclaw"]
[Date "1899-12-30"]
[Round "10.36"]
[White "Gajda, Anna"]
[Black "Gornisiewicz, Gabriela"]
[Result "1/2-1/2"]
[WhiteTitle "II"]
[BlackTitle "II+"]
[WhiteElo "1073"]
[BlackElo "1217"]

1. e4 e5 2. Nf3 Nc6 3. Bc4 g6 4. d4 exd4 5. Nxd4 Bg7 6. Nxc6 bxc6 7. Qf3 Qe7 8.
O-O Nh6 9. Nc3 O-O 10. Bf4 d6 11. h3 Kh8 12. Qe3 Ng8 13. Rfe1 Be6 14. Bxe6 Qxe6
15. Rad1 Rfe8 16. Re2 c5 17. Nd5 Rac8 18. b3 Nf6 19. Nc3 Nd7 20. Na4 Bd4 21. Qd3
Kg7 22. c3 Bf6 23. Qa6 Nb6 24. Qxa7 Nxa4 25. Qxa4 Bxc3 26. Qc6 Ba5 27. e5 dxe5
28. Qxe6 Rxe6 29. Rxe5 Rxe5 30. Bxe5+ Kg8 31. Kf1 Bb6 32. Rd7 h5 33. Bf6 Kf8 34.
Rd8+ Rxd8 35. Bxd8 Ke8 36. Bg5 Kd7 37. Ke2 Ke6 38. f3 f6 39. Be3 f5 40. Kd3 Kd5
41. Kc3 Ba5+ 42. Kd3 Bb6 43. Bd2 Ba7 44. Bf4 Bb6 45. Be3 Ba5 46. Bf4 1/2-1/2

[Event "Druzynowe Mistrzostw Polski Juniorow - II Liga"]
[Site "Wroclaw"]
[Date "1899-12-30"]
[Round "10.37"]
[White "Owoc, Jakub"]
[Black "Stypka, Sebastian"]
[Result "1-0"]
[WhiteTitle "I"]
[BlackTitle "II"]
[WhiteElo "1756"]
[BlackElo "1373"]

1. d4 d5 2. c4 e6 3. Nc3 c5 4. cxd5 exd5 5. Nf3 Nc6 6. dxc5 d4 7. Na4 Bxc5 8. Nxc5
Qa5+ 9. Bd2 Qxc5 10. Rc1 Qb6 11. e3 dxe3 12. Bxe3 Qb4+ 13. Bd2 Qe7+ 14. Be2 Nf6
15. O-O O-O 16. Re1 Qd8 17. Qb3 Qb6 18. Qxb6 axb6 19. a3 Be6 20. Ng5 Bd5 21. Be3
Rfe8 22. Bxb6 h6 23. Nf3 Re6 24. Nd4 Nxd4 25. Bxd4 Rae8 26. Be3 Bc6 27. Bc4 Rd6
28. Red1 Red8 29. Rxd6 Rxd6 30. h3 Nd7 31. Be2 Ne5 32. Rd1 Rxd1+ 33. Bxd1 Kf8
34. a4 g5 35. b4 Nc4 36. Bc5+ Ke8 37. Be2 Bd5 38. Bd4 Kf8 39. g3 Nd2 40. Bc5+
Kg7 41. a5 Nc4 42. Kf1 Be6 43. Ke1 Kf6 44. Bf3 Bc8 45. Bd5 Na3 46. Bd4+ Ke7 47.
Bc5+ Kf6 48. Kd2 h5 49. h4 gxh4 50. gxh4 Nb5 51. Ke3 Nc7 52. Bf3 Kg6 53. Be7 Ne6
54. Kd3 Ng7 55. Kc4 Kf5 56. Kb5 Kf4 57. Bh1 Nf5 58. Bc5 Nxh4 59. Kb6 Nf3 60. Kc7
Bf5 61. Bd6+ Ke4 62. Kxb7 Be6 63. b5 f5 64. b6 Kd5 1-0

[Event "Druzynowe Mistrzostw Polski Juniorow - II Liga"]
[Site "Wroclaw"]
[Date "1899-12-30"]
[Round "10.38"]
[White "Cieply, Krzysztof"]
[Black "Krupinski, Mikolaj"]
[Result "1/2-1/2"]
[WhiteTitle "I"]
[BlackTitle "I"]
[WhiteElo "1763"]
[BlackElo "1747"]

1. e4 c5 2. Nf3 Nc6 3. d4 cxd4 4. Nxd4 Nf6 5. Nc3 d6 6. Nb3 e6 7. Be2 Be7 8. O-O
O-O 9. Be3 a6 10. a4 Na5 11. f4 Nxb3 12. cxb3 Qa5 13. Bf3 Bd7 14. Kh1 Bc6 15.
Qd2 Qb4 16. Nd5 Nxd5 17. exd5 Qxd2 18. Bxd2 exd5 19. Bc3 Rac8 20. Rad1 f6 21.
h3 Kf7 22. Bxd5+ Bxd5 23. Rxd5 Rc5 24. Rfd1 Rxd5 25. Rxd5 Ke6 26. Rd4 Rd8 27.
Re4+ Kd7 28. Rb4 Kc6 29. Rc4+ Kd7 30. Rb4 Rb8 31. Rd4 Bd8 32. f5 Be7 33. Rh4 h6
34. Rd4 Kc6 35. Rc4+ Kd7 36. Rd4 Kc6 1/2-1/2

[Event "Druzynowe Mistrzostw Polski Juniorow - II Liga"]
[Site "Wroclaw"]
[Date "1899-12-30"]
[Round "10.39"]
[White "Piatek, Szymon"]
[Black "Staniczek, Kacper"]
[Result "0-1"]
[WhiteTitle "II"]
[BlackTitle "II"]
[WhiteElo "1322"]
[BlackElo "1345"]

1. Nf3 d5 2. b3 Nf6 3. Bb2 e6 4. e3 Be7 5. Be2 O-O 6. O-O c5 7. c4 Nc6 8. a3 b6
9. cxd5 exd5 10. Bb5 Bd7 11. d4 a6 12. Bxc6 Bxc6 13. dxc5 bxc5 14. Ne5 Bb5 15.
Re1 Bd7 16. Nc3 Be6 17. Nc6 Qc7 18. Nxe7+ Qxe7 19. Ne2 Rfd8 20. Nf4 Rab8 21. Nxe6
fxe6 22. Rb1 Rb7 23. f3 Rdb8 24. Be5 Rd8 25. Bc3 Nd7 26. Qe2 Ra8 27. b4 cxb4 28.
Bxb4 Qf7 29. Rec1 Qg6 30. Rb2 Ne5 31. Rbc2 Nc4 32. e4 a5 33. Be1 Rb3 34. Ra2 Rab8
35. Bc3 Qg5 36. Rcc2 Rb1+ 37. Kf2 Qh4+ 38. Kg1 Qg5+ 39. Be1 Ne3 40. Bc3 Nc4+ 0-1

[Event "Druzynowe Mistrzostw Polski Juniorow - II Liga"]
[Site "Wroclaw"]
[Date "1899-12-30"]
[Round "10.40"]
[White "Wojs, Alicja"]
[Black "Gruca, Karol"]
[Result "1-0"]
[WhiteTitle "I++"]
[BlackTitle "II"]
[WhiteElo "1566"]
[BlackElo "1346"]

1. e4 c5 2. Nf3 Nc6 3. d4 cxd4 4. Nxd4 g6 5. c4 Nf6 6. Nc3 d6 7. Be2 Nxd4 8. Qxd4
Bg7 9. Be3 O-O 10. Qd2 Be6 11. O-O a6 12. f3 Rc8 13. b3 Nd7 14. Rac1 Qa5 15. Nd5
Qd8 16. Rfd1 Bxd5 17. exd5 Nc5 18. b4 Nd7 19. c5 Ne5 20. f4 Nd7 21. c6 bxc6 22.
dxc6 Nc5 23. bxc5 Rxc6 24. Bf3 Rc7 25. c6 Qa8 26. Bb6 Rb8 27. Qa5 Rcc8 28. c7
Rb7 29. Bc6 Rbxc7 30. Bxa8 Rxc1 31. Rxc1 Rxc1+ 32. Kf2 Bf6 33. Be4 Bh4+ 34. g3
Bf6 35. Qxa6 Rd1 36. Be3 e5 37. Qa4 Ra1 38. Qe8+ Kg7 39. Bd5 exf4 40. Qxf7+ Kh6
41. Bxf4+ Kh5 42. Bf3# 1-0

[Event "Druzynowe Mistrzostw Polski Juniorow - II Liga"]
[Site "Wroclaw"]
[Date "1899-12-30"]
[Round "10.41"]
[White "Szopa, Emilia"]
[Black "Lach, Alicja"]
[Result "1-0"]
[WhiteTitle "I++"]
[BlackTitle "I"]
[WhiteElo "1816"]
[BlackElo "1367"]

1. e4 c5 2. Nf3 g6 3. d4 cxd4 4. Nxd4 Bg7 5. c4 Nc6 6. Be3 Nf6 7. Nc3 O-O 8. Be2
d6 9. O-O Bd7 10. Rc1 Nxd4 11. Bxd4 Bc6 12. f4 Nd7 13. Be3 a5 14. b3 b6 15. Bf3
Rc8 16. a3 Nc5 17. b4 axb4 18. axb4 Nd7 19. Qb3 Rb8 20. Rfd1 Qc7 21. Nb5 Qb7 22.
Qd3 Rfd8 23. Nd4 Bxd4 24. Bxd4 b5 25. Bb2 bxc4 26. Rxc4 f6 27. Qc2 Bb5 28. Rc7
Rdc8 29. Qb3+ Bc4 30. Qxc4+ Kg7 31. Rxb7 Rxc4 32. Rxd7 1-0

[Event "Druzynowe Mistrzostw Polski Juniorow - II Liga"]
[Site "Wroclaw"]
[Date "1899-12-30"]
[Round "10.42"]
[White "Moczala, Maja"]
[Black "Pajak, Patrycja"]
[Result "1-0"]
[WhiteTitle "I+"]
[BlackTitle "I"]
[WhiteElo "1375"]
[BlackElo "1078"]

1. e4 c5 2. Nf3 Nc6 3. c3 Nf6 4. e5 Nd5 5. d4 cxd4 6. cxd4 d6 7. Bc4 Nb6 8. Bb5
dxe5 9. Nxe5 Bd7 10. Nxd7 Qxd7 11. Nc3 e6 12. O-O Be7 13. Be3 O-O 14. Qf3 Rac8
15. Rfd1 Rfd8 16. Rac1 Nd5 17. Nxd5 Qxd5 18. Bxc6 bxc6 19. Qe2 Rb8 20. b3 Rdc8
21. h3 Qd7 22. Qg4 Kh8 23. Bf4 Rb4 24. Be5 f6 25. Bf4 f5 26. Qe2 Bf6 27. Be5 Bxe5
28. dxe5 Qe7 29. Qd2 Rb6 30. Qd7 Qxd7 31. Rxd7 Ra6 32. Rd6 Rxa2 33. Rxe6 Ra6 34.
Rd6 Kg8 35. Rcd1 Rc7 36. e6 Kf8 37. Rd7 Rc8 38. e7+ Ke8 39. Rd8+ Kxe7 40. Rxc8
Ra3 41. Rxc6 Rxb3 42. Rc7+ Kf6 43. Rxa7 Rb6 44. Rdd7 Rb1+ 45. Kh2 g6 46. Rxh7
Rb6 47. h4 Rb4 48. g3 Rb2 49. Kg2 Rb4 50. h5 gxh5 51. f4 Rb2+ 52. Kh3 Kg6 53.
Rhb7 Rxb7 54. Rxb7 Kf6 55. Rb6+ Kg7 56. Kh4 Kf7 57. Kg5 Ke7 58. Kxf5 Kd7 59. Ke5
Kc7 60. Rh6 Kb7 61. Kd5 1-0

[Event "Druzynowe Mistrzostw Polski Juniorow - II Liga"]
[Site "Wroclaw"]
[Date "1899-12-30"]
[Round "10.43"]
[White "Zarebska, Lena"]
[Black "Maciaszek, Karol"]
[Result "1-0"]
[WhiteTitle "k"]
[BlackTitle "I"]
[WhiteElo "1805"]
[BlackElo "1695"]

1. e4 c5 2. Nf3 e6 3. b4 cxb4 4. d4 Nf6 5. Bd3 d5 6. e5 Ne4 7. O-O Be7 8. Re1 Nd7
9. Bxe4 dxe4 10. Rxe4 f5 11. Re1 O-O 12. a3 bxa3 13. c4 Nb6 14. Qb3 Qc7 15. Nxa3
Rd8 16. c5 Nd5 17. Nb5 Qb8 18. Nd6 Bd7 19. Nxf5 exf5 20. Qxd5+ Kh8 21. Ng5 Be8
22. Nf7+ Bxf7 23. Qxf7 Bh4 24. g3 Rf8 25. Qe6 Bd8 26. Ba3 Ba5 27. Red1 f4 28.
Rab1 fxg3 29. hxg3 Rf3 30. c6 Qd8 31. cxb7 Rb8 32. Bd6 Qg5 33. Kg2 Rxf2+ 34. Kxf2
Be1+ 35. Rxe1 Qd2+ 36. Kf3 Qc3+ 37. Kg2 Qc6+ 38. d5 Qc2+ 39. Kh3 Rg8 40. Qxg8+
1-0

[Event "Druzynowe Mistrzostw Polski Juniorow - II Liga"]
[Site "Wroclaw"]
[Date "1899-12-30"]
[Round "10.44"]
[White "Kucharski, Sylwester"]
[Black "Sloniewska, Alicja"]
[Result "1-0"]
[WhiteTitle "I"]
[BlackTitle "I++"]
[WhiteElo "1441"]
[BlackElo "1735"]

1. e4 c6 2. Nf3 d5 3. Nc3 Bg4 4. h3 Bxf3 5. Qxf3 Nf6 6. d3 e6 7. a3 Be7 8. g3 d4
9. Nb1 e5 10. Bg2 O-O 11. O-O c5 12. Nd2 Nc6 13. Qe2 b5 14. f4 Nd7 15. Nf3 Qc7
16. f5 Na5 17. Bd2 Nb7 18. g4 c4 19. g5 Bd6 20. h4 Rac8 21. Rac1 Qb6 22. h5 cxd3
23. cxd3 Nbc5 24. b4 Na4 25. Nh2 Nc3 26. Qg4 Rc7 27. f6 g6 28. hxg6 fxg6 29. Qe6+
Kh8 30. Bf3 a5 31. Qb3 axb4 32. axb4 Nb8 33. Kh1 Qc6 34. Qe6 Re8 35. Qb3 Na6 36.
Bxc3 dxc3 37. Ng4 Nxb4 38. Be2 Na6 39. f7 Rf8 40. Qe6 Be7 41. Qxe5+ Bf6 42. Nxf6
Qc5 43. Nd5# 1-0

[Event "Druzynowe Mistrzostw Polski Juniorow - II Liga"]
[Site "Wroclaw"]
[Date "1899-12-30"]
[Round "10.45"]
[White "Sloniewski, Wojciech"]
[Black "Rajlich, Vaclav"]
[Result "1-0"]
[WhiteTitle "II"]
[BlackTitle "II"]
[WhiteElo "1062"]
[BlackElo "1326"]

1. e4 g6 2. Nc3 Bg7 3. f4 d6 4. Nf3 Nf6 5. Be2 O-O 6. O-O Na6 7. Qe1 Nb4 8. Bd1
c5 9. d3 a6 10. Qh4 b5 11. a3 Nc6 12. f5 Bb7 13. Bh6 b4 14. axb4 cxb4 15. Ne2
Rc8 16. Ng5 Ne5 17. fxg6 Nxg6 18. Qh3 Qd7 19. Rf5 Nxe4 20. Rxf7 Rxf7 21. Qxd7
Nxg5 22. Bxg7 Rxg7 23. Qxb7 Rc5 24. Qxa6 Nh4 25. Ng3 Ne6 26. Qa4 1-0

[Event "Druzynowe Mistrzostw Polski Juniorow - II Liga"]
[Site "Wroclaw"]
[Date "1899-12-30"]
[Round "10.46"]
[White "Bombinski, Michal"]
[Black "Mieszczankowski, Adam"]
[Result "1-0"]
[WhiteTitle "II"]
[BlackTitle "II"]
[WhiteElo "1168"]
[BlackElo "1044"]

1. d4 d5 2. c4 c6 3. cxd5 cxd5 4. Nc3 Nc6 5. Bf4 a6 6. e3 Nf6 7. Bd3 e6 8. a3 Bd6
9. Bxd6 Qxd6 10. Nf3 O-O 11. O-O e5 12. dxe5 Nxe5 13. Bc2 Rd8 14. h3 Be6 15. Nd4
Rac8 16. Bb3 Nc6 17. Nxc6 Qxc6 18. Qd4 Qc5 19. Rad1 Qxd4 20. Rxd4 Rc5 21. Rfd1
h6 22. e4 Rdc8 23. Nxd5 Bxd5 24. Bxd5 Nxd5 25. exd5 Rd8 26. f3 Kf8 27. Kf2 Ke7
28. Ke3 Kd6 29. Kf4 Re8 30. Re4 Rxe4+ 31. fxe4 Rc2 32. g4 Rf2+ 33. Ke3 Rxb2 34.
Kd4 Rb3 35. e5+ Kd7 36. Rd3 Rb6 37. Rc3 f6 38. e6+ Kd6 1-0

[Event "Druzynowe Mistrzostw Polski Juniorow - II Liga"]
[Site "Wroclaw"]
[Date "1899-12-30"]
[Round "10.47"]
[White "Anyz, Monika"]
[Black "Kicinska, Magdalena"]
[Result "1-0"]
[WhiteTitle "I++"]
[BlackTitle "I++"]
[WhiteElo "1792"]
[BlackElo "1440"]

1. e4 c6 2. d4 d5 3. e5 Bf5 4. c4 dxc4 5. Bxc4 e6 6. Nc3 Nd7 7. Nge2 Nb6 8. Bb3
Ne7 9. Ng3 Bg6 10. O-O Nf5 11. Nce2 Be7 12. Nxf5 Bxf5 13. Ng3 Bg6 14. Be3 Nd5
15. Bxd5 Qxd5 16. Nh5 h6 17. Nxg7+ Kd7 18. Nh5 Rag8 19. Nf4 Qe4 20. Qb3 Kc7 21.
Rac1 Rg7 22. d5 Kc8 23. dxc6 b6 24. Qb5 Bg5 25. Qa6+ Kd8 26. Rfd1+ Ke8 27. Qc8+
Ke7 28. Rd7# 1-0

[Event "Druzynowe Mistrzostw Polski Juniorow - II Liga"]
[Site "Wroclaw"]
[Date "1899-12-30"]
[Round "10.48"]
[White "Kicinska, Anna"]
[Black "Zapalowska, Wiktoria"]
[Result "1/2-1/2"]
[WhiteTitle "I+"]
[BlackTitle "I"]
[WhiteElo "1297"]
[BlackElo "1528"]

1. d4 Nf6 2. Nf3 d5 3. Bg5 Nbd7 4. e3 e6 5. Bd3 h6 6. Bh4 c5 7. c3 Bd6 8. Nbd2
O-O 9. O-O a6 10. Rc1 b5 11. Bb1 Bb7 12. Qc2 Qc7 13. a3 c4 14. Rfe1 Ne4 15. Bg3
Bxg3 16. hxg3 f5 17. Kf1 a5 18. Ng1 Ba6 19. Ne2 g5 20. Kg1 Qd6 21. f4 Rab8 22.
Nxe4 fxe4 23. Qd2 Nf6 24. Kh1 Rb7 25. Bc2 Rg7 26. Bd1 Kh8 27. Ng1 Rfg8 28. Nh3
gxf4 29. gxf4 Qe7 30. Rc2 Ng4 31. Bxg4 Rxg4 32. Qf2 Rg3 33. Kh2 Qh4 34. Ree2 Bc8
35. Qf1 Bd7 36. Rcd2 Be8 37. f5 Bh5 38. Qf4 Qxf4 39. Nxf4 Bxe2 40. Rxe2 exf5 41.
Nxd5 R3g5 42. Nc7 Rb8 43. Ne6 Rg6 44. Nf4 Rf6 45. g3 Rf7 46. Kg1 Rb6 47. Rh2 Kg7
48. Kf2 b4 49. axb4 axb4 50. Nd5 Rb5 51. Nxb4 Rfb7 52. Ke1 Rxb4 53. cxb4 Rxb4
54. Rc2 Kf6 55. Ke2 Kg5 56. Kf2 Rb3 57. Rd2 Kf6 58. Re2 c3 59. bxc3 Rxc3 60. Rb2
Rc6 61. Rd2 Rd6 62. Rc2 Kg5 63. Rc5 Kg4 64. Rc1 Rb6 65. Rc2 Rd6 66. Rb2 Rc6 67.
Re2 Rg6 68. Re1 Rc6 69. Re2 Rg6 70. Re1 Rc6 71. Re2 1/2-1/2

[Event "Druzynowe Mistrzostw Polski Juniorow - II Liga"]
[Site "Wroclaw"]
[Date "1899-12-30"]
[Round "10.49"]
[White "Malinowski, Szymon"]
[Black "Lichorad, Mateusz"]
[Result "1/2-1/2"]
[WhiteTitle "I"]
[BlackTitle "I+"]
[WhiteElo "1824"]
[BlackElo "1983"]

1. d4 Nf6 2. c4 e6 3. Nc3 Bb4 4. Bg5 h6 5. Bh4 g5 6. Bg3 Ne4 7. Qc2 Nxg3 8. hxg3
Qf6 9. e3 c5 10. d5 e5 11. Bd3 d6 12. Nge2 Bd7 13. f4 Na6 14. a3 Bxc3+ 15. Qxc3
gxf4 16. gxf4 O-O-O 17. O-O-O Rdg8 18. g3 Bg4 19. Rhg1 Qe7 20. fxe5 Qxe5 21. Kd2
Re8 22. Qxe5 Rxe5 23. Rdf1 f5 24. Nc3 Rhe8 25. e4 fxe4 26. Nxe4 Rxe4 27. Bxe4
Rxe4 28. b3 h5 29. Rf8+ Kc7 30. Rf7+ Kc8 31. Rgf1 Nb8 32. R1f6 Nd7 33. Rxd6 Re2+
34. Kc3 Re3+ 35. Kb2 Rxg3 36. Rg6 Rg2+ 37. Kc1 Kc7 38. Rgg7 Ra2 39. a4 Re2 40.
Rg6 Re4 41. Kd2 Rd4+ 42. Kc3 a5 43. Rh6 Rd1 44. Kc2 Rh1 45. Rg6 Rh2+ 46. Kc3 Rh3+
47. Kb2 1/2-1/2

[Event "Druzynowe Mistrzostw Polski Juniorow - II Liga"]
[Site "Wroclaw"]
[Date "1899-12-30"]
[Round "10.50"]
[White "Mosny, Kamil"]
[Black "Trzebinski, Patryk"]
[Result "1/2-1/2"]
[WhiteTitle "I"]
[BlackTitle "I++"]
[WhiteElo "1730"]
[BlackElo "1782"]

1. d4 Nf6 2. c4 g6 3. Nc3 d5 4. Nf3 dxc4 5. e4 Bg7 6. Bxc4 O-O 7. O-O a6 8. a4
c5 9. dxc5 Qa5 10. Qe2 Qxc5 11. Be3 Qa5 12. e5 Nfd7 13. e6 fxe6 14. Ng5 Nf6 15.
Bd2 Qb6 16. Rae1 Kh8 17. Bxe6 h6 18. Bxc8 Rxc8 19. Ne6 Nc6 20. Be3 Qa5 21. Qd2
Qh5 22. h3 g5 23. Qc2 Qf7 24. Bb6 Nd7 25. Bc7 Nd4 26. Nxd4 Bxd4 27. Bg3 Kg7 28.
Qd3 e5 29. Rd1 Nc5 30. Qe2 Qf5 31. Nd5 Rd8 32. Ne3 Qe6 33. Ng4 Re8 34. Rc1 Rac8
35. Rfe1 e4 36. Red1 Nd3 37. Rxc8 Qxc8 38. Rxd3 exd3 39. Qxd3 Qc5 40. Nh2 h5 41.
h4 g4 42. Nf1 Bxb2 43. Qb3 Bd4 44. Qxb7+ Re7 45. Qxa6 Ra7 46. Qe6 Re7 47. Qa6
Ra7 48. Qe6 Re7 49. Qa6 Re1 50. Qb7+ Kf6 51. Qa6+ Ke7 52. Kh2 Bxf2 53. Bf4 Bxh4
54. Qd3 Bf6 55. Ne3 h4 56. Qh7+ Ke6 57. Qg8+ Kd7 58. Qxg4+ Ke7 1/2-1/2

[Event "Druzynowe Mistrzostw Polski Juniorow - II Liga"]
[Site "Wroclaw"]
[Date "1899-12-30"]
[Round "10.51"]
[White "Wons, Krystian"]
[Black "Smolinski, Wojciech"]
[Result "1-0"]
[WhiteTitle "II"]
[BlackTitle "II"]
[WhiteElo "1138"]
[BlackElo "1278"]

1. c4 e5 2. Nc3 Nc6 3. g3 g6 4. Bg2 Bg7 5. Nf3 f5 6. d3 Nf6 7. O-O O-O 8. Bg5 h6
9. Bxf6 Bxf6 10. Nd5 Bg7 11. Rb1 Ne7 12. Nxe7+ Qxe7 13. Nd2 d6 14. b4 Rb8 15.
Nb3 b6 16. e3 Bb7 17. Bxb7 Rxb7 18. d4 Rd8 19. Qd2 Rbb8 20. Rfd1 g5 21. f4 e4
22. a4 gxf4 23. gxf4 Kh7 24. Kh1 Rg8 25. Rg1 Qh4 26. Qe1 Qh3 27. Rg3 Qh5 28. Qf2
Bf6 29. Rbg1 Bh4 30. Rxg8 Rxg8 31. Qf1 Rg3 32. Rg2 Qf3 33. Qxf3 Rxf3 34. Re2 Rf2
35. Rxf2 Bxf2 36. d5 Bxe3 37. Kg2 Bxf4 38. Nd4 Be3 39. Ne6 Kg8 40. Nxc7 Kf7 41.
Nb5 Ke7 42. Nxa7 f4 43. Nb5 f3+ 44. Kf1 Bd2 45. Nd4 Kd7 46. b5 Bc3 47. Nf5 Bd2
48. Kf2 Bc3 49. Ke3 Be5 50. h3 Ke8 51. Kxe4 f2 52. Ne3 Bg3 53. Kf3 Bh4 54. Kg2
Kd7 55. Nf5 Bg5 56. Kxf2 Kc7 57. Kf3 Kd7 58. Kg4 Kc7 59. Kh5 1-0

[Event "Druzynowe Mistrzostw Polski Juniorow - II Liga"]
[Site "Wroclaw"]
[Date "1899-12-30"]
[Round "10.52"]
[White "Fronczek, Michal"]
[Black "Zalewski, Witold"]
[Result "0-1"]
[WhiteTitle "III"]
[BlackTitle "II"]
[WhiteElo "1092"]
[BlackElo "1231"]

1. e4 c5 2. Nf3 Nc6 3. d4 cxd4 4. Nxd4 g6 5. Nc3 Bg7 6. Nb3 Nf6 7. Be2 O-O 8. O-O
d6 9. Re1 a6 10. Bf1 b5 11. Nd5 Bb7 12. c3 Rc8 13. Bf4 Nxd5 14. exd5 Ne5 15. Qd2
Qc7 16. Rad1 Nc4 17. Bxc4 bxc4 18. Nc1 Rfe8 19. Bh6 Qa5 20. Bxg7 Kxg7 21. Re3
Qc7 22. Rh3 h5 23. Rxh5 Rh8 24. Rxh8 Rxh8 25. Qf4 Rh5 26. h3 Qc5 27. Qd4+ Qxd4
28. Rxd4 Rxd5 29. Rxd5 Bxd5 30. Ne2 e5 31. f3 f5 32. Kf2 Kf6 33. Ke3 f4+ 34. Kf2
Kf5 35. g3 g5 36. gxf4 gxf4 37. Nc1 Be6 38. Ne2 Kg5 39. Kg2 Kh4 40. Ng1 d5 41.
a3 d4 42. Kf2 d3 43. Ke1 Kg3 44. Kf1 Bxh3+ 45. Ke1 Bg2 46. Ne2+ dxe2 47. Kxe2
Bxf3+ 48. Kf1 Be2+ 49. Kxe2 Kg2 0-1

[Event "Druzynowe Mistrzostw Polski Juniorow - II Liga"]
[Site "Wroclaw"]
[Date "1899-12-30"]
[Round "10.53"]
[White "Skolska, Emilia"]
[Black "Trybus, Dominika"]
[Result "1-0"]
[WhiteTitle "I++"]
[BlackTitle "I++"]
[WhiteElo "1517"]
[BlackElo "1532"]

1. e4 d5 2. exd5 Qxd5 3. d4 Nc6 4. Ne2 Bg4 5. f3 Bf5 6. Nbc3 Qd8 7. d5 Ne5 8. Nd4
Bd7 9. f4 Ng4 10. f5 N4h6 11. Qf3 g6 12. Bd3 Bg7 13. Be3 Nf6 14. h3 Qc8 15. g4
Nfg8 16. O-O-O a6 17. h4 gxf5 18. gxf5 Nf6 19. Rhg1 Bf8 20. Bg5 Nhg8 21. Rde1
Qb8 22. Re3 Qa7 23. Nb3 O-O-O 24. Rge1 h6 25. Bf4 Ne8 26. Ne2 Ngf6 27. Ng3 Ba4
28. c4 Bxb3 29. axb3 Qb6 30. Bc2 Qa5 31. Be5 Rg8 32. Bc3 Qb6 33. b4 Qa7 34. Ne2
Rg4 35. Rd1 Rxc4 36. Bb3 Rxh4 37. Bd4 Qb8 38. Rc3 Ne4 39. Rc2 h5 40. Kb1 Bh6 41.
Ng3 Nxg3 42. Qxg3 Rg4 43. Qh3 Bg7 44. Bc5 Nd6 45. Qxh5 Rg3 46. Bxd6 Rxd6 47. Qxf7
Bf6 48. Ka2 Rg7 49. Qh5 Be5 50. Re1 Bf6 51. Re6 Kd7 52. Rce2 Qg8 53. Qh1 Rg1 54.
Qe4 Kd8 55. Qe3 b6 56. Qd3 b5 57. Rxd6+ exd6 58. Qe3 Be5 59. Qa7 Rc1 60. Qa8+
1-0

[Event "Druzynowe Mistrzostw Polski Juniorow - II Liga"]
[Site "Wroclaw"]
[Date "1899-12-30"]
[Round "10.54"]
[White "Zylak, Emilia"]
[Black "Kaczmarek, Paulina"]
[Result "0-1"]
[WhiteTitle "III"]
[BlackTitle "I"]
[WhiteElo "1000"]
[BlackElo "1092"]

1. e4 c5 2. Nf3 d6 3. d4 cxd4 4. Nxd4 Nf6 5. Nc3 g6 6. f3 Bg7 7. Bg5 O-O 8. Qd2
Nc6 9. Nxc6 bxc6 10. O-O-O Rb8 11. g4 Be6 12. h4 Qa5 13. a3 Rxb2 14. Qd3 Qxa3
15. Kd2 h6 16. Be3 Nd7 17. Bd4 Bxd4 18. Qxd4 Qc5 19. Qxc5 Nxc5 20. Be2 Kg7 21.
g5 h5 22. Rdf1 f5 23. Bd3 fxe4 24. Nxe4 Nxd3 25. Kxd3 Bf5 26. Kc3 Rb5 27. Rc1
Bxe4 28. fxe4 Rf4 29. Rce1 Kf7 30. Rh3 Re5 31. Kd3 Ke6 32. Ree3 d5 33. exd5+ cxd5
34. c3 Rxe3+ 35. Rxe3+ Kd6 36. Rh3 e5 37. Ke3 Kc5 38. Kd3 a5 39. Rh2 Rf3+ 40.
Kc2 Kc4 0-1

[Event "Druzynowe Mistrzostw Polski Juniorow - II Liga"]
[Site "Wroclaw"]
[Date "1899-12-30"]
[Round "10.55"]
[White "Rog, Bartlomiej"]
[Black "Kaczmarek, Jan"]
[Result "1/2-1/2"]
[WhiteTitle "k"]
[BlackTitle "II+"]
[WhiteElo "2091"]
[BlackElo "1596"]

1. e4 c5 2. Nf3 g6 3. d4 cxd4 4. Qxd4 Nf6 5. Nc3 Nc6 6. Qa4 d6 7. e5 dxe5 8. Nxe5
Bd7 9. Nxd7 Qxd7 10. Be3 Bg7 11. Rd1 Qg4 12. Qb3 Qb4 13. Bb5 Qxb3 14. Bxc6+ bxc6
15. cxb3 O-O 16. O-O e6 17. Bc5 Rfc8 18. Rd2 Nd5 19. Ne4 a5 20. Nd6 Rcb8 21. Nc4
Rb5 22. Bd4 Bxd4 23. Rxd4 Nb4 24. a3 Na6 25. Rc1 Nc5 26. Nd2 Nxb3 27. Nxb3 Rxb3
28. Rxc6 Rxb2 29. g3 a4 30. Rcc4 Rb3 31. Rxa4 Rxa3 1/2-1/2

[Event "Druzynowe Mistrzostw Polski Juniorow - II Liga"]
[Site "Wroclaw"]
[Date "1899-12-30"]
[Round "10.56"]
[White "Gluszynski, Michal"]
[Black "Majdanski, Maksymilian"]
[Result "0-1"]
[WhiteTitle "II"]
[BlackTitle "I++"]
[WhiteElo "1513"]
[BlackElo "1886"]

1. d4 Nf6 2. Bf4 c5 3. d5 d6 4. Nc3 g6 5. e4 Bg7 6. Nf3 O-O 7. Be2 Nh5 8. Be3 Qa5
9. Bd2 Qb6 10. O-O e5 11. dxe6 Bxe6 12. Ng5 Nf6 13. Nxe6 fxe6 14. Bc4 Nc6 15.
Bxe6+ Kh8 16. Rb1 Rae8 17. Bd5 Qd8 18. f3 Nh5 19. Ne2 Nd4 20. Bxb7 Qh4 21. Bc3
Be5 22. g3 Qh3 23. Bxd4 Bxd4+ 24. Nxd4 Nxg3 25. Rf2 Nh5 26. Qf1 Qh4 27. Ne2 Re5
28. f4 Re7 29. Bd5 Nf6 30. Qg2 Ng4 31. Rf3 Re5 32. Rh3 Qf6 33. Qxg4 Re7 34. c3
Rb8 35. Qg5 Qf8 36. b3 a5 37. Kh1 a4 38. f5 gxf5 39. Qxf5 Qxf5 40. exf5 Rxe2 41.
b4 Rf2 42. Rf3 Rd2 43. Bc4 d5 44. Bxd5 Rxd5 45. Rb2 Rd1+ 46. Kg2 cxb4 47. cxb4
Rg8+ 48. Rg3 Rf8 49. Rc2 Rd5 50. Ra3 Rdxf5 51. Rxa4 Rg8+ 0-1

[Event "Druzynowe Mistrzostw Polski Juniorow - II Liga"]
[Site "Wroclaw"]
[Date "1899-12-30"]
[Round "10.57"]
[White "Ziobrowski, Wojciech"]
[Black "Skrzypinski, Jan"]
[Result "0-1"]
[WhiteTitle "II"]
[BlackTitle "I"]
[WhiteElo "1145"]
[BlackElo "1647"]

1. e4 c5 2. Nf3 d6 3. d4 cxd4 4. Nxd4 Nf6 5. Nc3 a6 6. Be3 e5 7. Nf3 Be7 8. h3
h6 9. Bd3 Be6 10. Qd2 Nbd7 11. O-O-O b5 12. Kb1 Rc8 13. g4 Qc7 14. g5 hxg5 15.
Nxg5 Bc4 16. f4 Bxd3 17. cxd3 Qb7 18. Qf2 a5 19. Rhg1 a4 20. Qg3 Rg8 21. f5 a3
22. Nxf7 Kxf7 23. Qg6+ Kf8 24. Nd5 Nxd5 25. Bh6 Bf6 26. Bxg7+ Rxg7 27. Qh6 Ne7
28. Qxf6+ Nxf6 29. Rh1 0-1

[Event "Druzynowe Mistrzostw Polski Juniorow - II Liga"]
[Site "Wroclaw"]
[Date "1899-12-30"]
[Round "10.58"]
[White "Stachowiak, Bruno"]
[Black "Kowalski, Aleksander"]
[Result "1-0"]
[WhiteTitle "II"]
[BlackTitle "II"]
[WhiteElo "1462"]
[BlackElo "1073"]

1. e4 e5 2. Nf3 Nc6 3. Bc4 Bc5 4. c3 Nf6 5. d4 exd4 6. cxd4 Bb4+ 7. Bd2 Nxe4 8.
Bxb4 Nxb4 9. Bxf7+ Kxf7 10. Qb3+ d5 11. Qxb4 Re8 12. Ne5+ Kg8 13. O-O c5 14. Qa4
cxd4 15. Qxd4 Qd6 16. Nd3 Bd7 17. f3 Nf6 18. Nc3 Bc6 19. Rad1 a6 20. a4 Rad8 21.
b4 b5 22. a5 Bb7 23. Nc5 Ba8 24. Ra1 Rc8 25. Rfc1 Re7 26. N3e4 Nxe4 27. Nxe4 Rxc1+
28. Rxc1 Qf4 29. Rc8+ Kf7 30. Rxa8 dxe4 31. Qd5+ Re6 32. Rxa6 Qe3+ 33. Kf1 Qc1+
34. Kf2 e3+ 35. Kg3 Qc7+ 36. Kh3 Qe5 37. Qxe6+ Qxe6+ 38. Rxe6 Kxe6 39. Kg3 Kd5
40. a6 Kc6 41. f4 e2 42. Kf2 e1=Q+ 43. Kxe1 Kb6 44. Kd2 Kxa6 45. Kd3 Kb6 46. Kd4
Kc6 47. Ke5 h6 48. f5 Kd7 49. g4 Ke7 50. h4 Kf7 51. g5 h5 52. Kd6 g6 53. fxg6+
Kxg6 54. Kc6 1-0